<?xml version="1.0" encoding="UTF-8"?>
<record
    xmlns:xsi="http://www.w3.org/2001/XMLSchema-instance"
    xsi:schemaLocation="http://www.loc.gov/MARC21/slim http://www.loc.gov/standards/marcxml/schema/MARC21slim.xsd"
    xmlns="http://www.loc.gov/MARC21/slim">

  <leader>00439nam a22001817a 4500</leader>
  <controlfield tag="005">20260416115713.0</controlfield>
  <controlfield tag="008">260416b        |||||||| |||| 00| 0 eng d</controlfield>
  <datafield tag="020" ind1=" " ind2=" ">
    <subfield code="a">9789380444734</subfield>
    <subfield code="c">1095.00</subfield>
  </datafield>
  <datafield tag="040" ind1=" " ind2=" ">
    <subfield code="a">MAIN</subfield>
  </datafield>
  <datafield tag="041" ind1=" " ind2=" ">
    <subfield code="a">English</subfield>
  </datafield>
  <datafield tag="082" ind1=" " ind2=" ">
    <subfield code="a">004.6</subfield>
    <subfield code="b">KAP</subfield>
  </datafield>
  <datafield tag="100" ind1=" " ind2=" ">
    <subfield code="a">Kapil, Kumar </subfield>
    <subfield code="9">25632</subfield>
  </datafield>
  <datafield tag="245" ind1=" " ind2=" ">
    <subfield code="a">Computer Networking </subfield>
  </datafield>
  <datafield tag="260" ind1=" " ind2=" ">
    <subfield code="a">Delhi</subfield>
    <subfield code="b">A.B. Publisher </subfield>
    <subfield code="c">2025</subfield>
  </datafield>
  <datafield tag="300" ind1=" " ind2=" ">
    <subfield code="a">535</subfield>
  </datafield>
  <datafield tag="650" ind1=" " ind2=" ">
    <subfield code="a">Computer Science</subfield>
  </datafield>
  <datafield tag="942" ind1=" " ind2=" ">
    <subfield code="c">BK</subfield>
  </datafield>
  <datafield tag="999" ind1=" " ind2=" ">
    <subfield code="c">60625</subfield>
    <subfield code="d">60625</subfield>
  </datafield>
  <datafield tag="952" ind1=" " ind2=" ">
    <subfield code="0">0</subfield>
    <subfield code="1">0</subfield>
    <subfield code="2">ddc</subfield>
    <subfield code="4">0</subfield>
    <subfield code="6">004_600000000000000_KAP</subfield>
    <subfield code="7">1</subfield>
    <subfield code="9">93377</subfield>
    <subfield code="a">MAIN</subfield>
    <subfield code="b">MAIN</subfield>
    <subfield code="d">2026-04-16</subfield>
    <subfield code="o">004.6 KAP</subfield>
    <subfield code="p">53922</subfield>
    <subfield code="r">2026-04-16</subfield>
    <subfield code="w">2026-04-16</subfield>
    <subfield code="y">REF</subfield>
  </datafield>
  <datafield tag="952" ind1=" " ind2=" ">
    <subfield code="0">0</subfield>
    <subfield code="1">0</subfield>
    <subfield code="2">ddc</subfield>
    <subfield code="4">0</subfield>
    <subfield code="6">004_600000000000000_KAP</subfield>
    <subfield code="7">0</subfield>
    <subfield code="9">93378</subfield>
    <subfield code="a">MAIN</subfield>
    <subfield code="b">MAIN</subfield>
    <subfield code="d">2026-04-16</subfield>
    <subfield code="l">0</subfield>
    <subfield code="o">004.6 KAP</subfield>
    <subfield code="p">53923</subfield>
    <subfield code="r">2026-04-16</subfield>
    <subfield code="w">2026-04-16</subfield>
    <subfield code="y">BK</subfield>
  </datafield>
  <datafield tag="952" ind1=" " ind2=" ">
    <subfield code="0">0</subfield>
    <subfield code="1">0</subfield>
    <subfield code="2">ddc</subfield>
    <subfield code="4">0</subfield>
    <subfield code="6">004_600000000000000_KAP</subfield>
    <subfield code="7">0</subfield>
    <subfield code="9">93379</subfield>
    <subfield code="a">MAIN</subfield>
    <subfield code="b">MAIN</subfield>
    <subfield code="d">2026-04-16</subfield>
    <subfield code="l">0</subfield>
    <subfield code="o">004.6 KAP</subfield>
    <subfield code="p">53924</subfield>
    <subfield code="r">2026-04-16</subfield>
    <subfield code="w">2026-04-16</subfield>
    <subfield code="y">BK</subfield>
  </datafield>
  <datafield tag="952" ind1=" " ind2=" ">
    <subfield code="0">0</subfield>
    <subfield code="1">0</subfield>
    <subfield code="2">ddc</subfield>
    <subfield code="4">0</subfield>
    <subfield code="6">004_600000000000000_KAP</subfield>
    <subfield code="7">0</subfield>
    <subfield code="9">93380</subfield>
    <subfield code="a">MAIN</subfield>
    <subfield code="b">MAIN</subfield>
    <subfield code="d">2026-04-16</subfield>
    <subfield code="l">0</subfield>
    <subfield code="o">004.6 KAP</subfield>
    <subfield code="p">53925</subfield>
    <subfield code="r">2026-04-16</subfield>
    <subfield code="w">2026-04-16</subfield>
    <subfield code="y">BK</subfield>
  </datafield>
  <datafield tag="952" ind1=" " ind2=" ">
    <subfield code="0">0</subfield>
    <subfield code="1">0</subfield>
    <subfield code="2">ddc</subfield>
    <subfield code="4">0</subfield>
    <subfield code="6">004_600000000000000_KAP</subfield>
    <subfield code="7">0</subfield>
    <subfield code="9">93381</subfield>
    <subfield code="a">MAIN</subfield>
    <subfield code="b">MAIN</subfield>
    <subfield code="d">2026-04-16</subfield>
    <subfield code="l">0</subfield>
    <subfield code="o">004.6 KAP</subfield>
    <subfield code="p">53926</subfield>
    <subfield code="r">2026-04-16</subfield>
    <subfield code="w">2026-04-16</subfield>
    <subfield code="y">BK</subfield>
  </datafield>
  <datafield tag="952" ind1=" " ind2=" ">
    <subfield code="0">0</subfield>
    <subfield code="1">0</subfield>
    <subfield code="2">ddc</subfield>
    <subfield code="4">0</subfield>
    <subfield code="6">004_600000000000000_KAP</subfield>
    <subfield code="7">0</subfield>
    <subfield code="9">93382</subfield>
    <subfield code="a">MAIN</subfield>
    <subfield code="b">MAIN</subfield>
    <subfield code="d">2026-04-16</subfield>
    <subfield code="l">0</subfield>
    <subfield code="o">004.6 KAP</subfield>
    <subfield code="p">53927</subfield>
    <subfield code="r">2026-04-16</subfield>
    <subfield code="w">2026-04-16</subfield>
    <subfield code="y">BK</subfield>
  </datafield>
  <datafield tag="952" ind1=" " ind2=" ">
    <subfield code="0">0</subfield>
    <subfield code="1">0</subfield>
    <subfield code="2">ddc</subfield>
    <subfield code="4">0</subfield>
    <subfield code="6">004_600000000000000_KAP</subfield>
    <subfield code="7">0</subfield>
    <subfield code="9">93383</subfield>
    <subfield code="a">MAIN</subfield>
    <subfield code="b">MAIN</subfield>
    <subfield code="d">2026-04-16</subfield>
    <subfield code="l">0</subfield>
    <subfield code="o">004.6 KAP</subfield>
    <subfield code="p">53928</subfield>
    <subfield code="r">2026-04-16</subfield>
    <subfield code="w">2026-04-16</subfield>
    <subfield code="y">BK</subfield>
  </datafield>
  <datafield tag="952" ind1=" " ind2=" ">
    <subfield code="0">0</subfield>
    <subfield code="1">0</subfield>
    <subfield code="2">ddc</subfield>
    <subfield code="4">0</subfield>
    <subfield code="6">004_600000000000000_KAP</subfield>
    <subfield code="7">0</subfield>
    <subfield code="9">93384</subfield>
    <subfield code="a">MAIN</subfield>
    <subfield code="b">MAIN</subfield>
    <subfield code="d">2026-04-16</subfield>
    <subfield code="l">0</subfield>
    <subfield code="o">004.6 KAP</subfield>
    <subfield code="p">53929</subfield>
    <subfield code="r">2026-04-16</subfield>
    <subfield code="w">2026-04-16</subfield>
    <subfield code="y">BK</subfield>
  </datafield>
  <datafield tag="952" ind1=" " ind2=" ">
    <subfield code="0">0</subfield>
    <subfield code="1">0</subfield>
    <subfield code="2">ddc</subfield>
    <subfield code="4">0</subfield>
    <subfield code="6">004_600000000000000_KAP</subfield>
    <subfield code="7">0</subfield>
    <subfield code="9">93385</subfield>
    <subfield code="a">MAIN</subfield>
    <subfield code="b">MAIN</subfield>
    <subfield code="d">2026-04-16</subfield>
    <subfield code="l">0</subfield>
    <subfield code="o">004.6 KAP</subfield>
    <subfield code="p">53930</subfield>
    <subfield code="r">2026-04-16</subfield>
    <subfield code="w">2026-04-16</subfield>
    <subfield code="y">BK</subfield>
  </datafield>
  <datafield tag="952" ind1=" " ind2=" ">
    <subfield code="0">0</subfield>
    <subfield code="1">0</subfield>
    <subfield code="2">ddc</subfield>
    <subfield code="4">0</subfield>
    <subfield code="6">004_600000000000000_KAP</subfield>
    <subfield code="7">0</subfield>
    <subfield code="9">93386</subfield>
    <subfield code="a">MAIN</subfield>
    <subfield code="b">MAIN</subfield>
    <subfield code="d">2026-04-16</subfield>
    <subfield code="l">0</subfield>
    <subfield code="o">004.6 KAP</subfield>
    <subfield code="p">53931</subfield>
    <subfield code="r">2026-04-16</subfield>
    <subfield code="w">2026-04-16</subfield>
    <subfield code="y">BK</subfield>
  </datafield>
</record>
